| 000 | 00944nam a2200301Ia 4500 | ||
|---|---|---|---|
| 001 | Z_5533 | ||
| 003 | CHAP | ||
| 008 | 220113s2007 xx 000 0 und d | ||
| 010 | _a168626 | ||
| 040 | _cCHAP | ||
| 090 | _aTesis L 53 | ||
| 100 |
_aLópez García, Isael _967905 |
||
| 245 |
_aFormulación y evaluación de un proyecto de engorda de toros en Quistajito, municipio de la Independencia, Chiapas / _cIsael López García |
||
| 260 |
_aChapingo, Méx. : _bEl autor, _c2007 |
||
| 300 | _a63 h. | ||
| 502 | _aTesis (Ing. Agr. Esp. en Zootecnia) -- UACH. Departamento de Zootecnia | ||
| 650 |
_aChiapas _xCondiciones económicas _9142913 |
||
| 650 |
_aFinanzas _xEvaluación _940940 |
||
| 650 |
_aGanado vacuno _xEngorda _945461 |
||
| 650 |
_aGanado vacuno _xMercadeo _945481 |
||
| 650 |
_aProyectos _xEvaluación _992525 |
||
| 901 | _aTESIS L 53 | ||
| 902 | _aM | ||
| 910 | _a2007 | ||
| 942 | _c2 | ||
| 942 | _c2 | ||
| 999 |
_c168626 _d168626 |
||